000 00642nam a2200193Ii 4500
003 JO-AjNU
008 230605s9999||||xx |||||||||||||| ||und||
040 _aJO-AjNU
_bara
_erda
_cJO-AjNU
041 _aara
050 1 4 _aQC171.2.A43 1977
100 3 _aعبدالوهاب ، احمد,
_eauthor
_938032
245 0 0 _aاساسيات العلوم الذريه الحديثة في التراث الاسلامي
264 3 1 _aد.م :د.ت ، 1977
300 _a232ص
336 _atext
_btxt
_2rdacontent
337 _aunmediated
_bn
_2rdamedia
338 _avolume
_bnc
_2rdacarrier
650 4 _aالنسبية- نظرية-فيزياء
_938033
999 _aA15945
_c19513
_d19513